| 000 | 01064nam a22003617a 4500 | ||
|---|---|---|---|
| 001 | BR2012002589 | ||
| 003 | BR-BrBNA | ||
| 005 | 20230928103945.0 | ||
| 007 | ta | ||
| 008 | 230509b bl.||||| |||| 00| 0 por d | ||
| 040 |
_aBR-BrBNA _bpor _cBiblioteca Nacional de Agricultura |
||
| 041 | _a(Por) | ||
| 072 |
_aP33; T01 _b3885 |
||
| 090 | _ 3885 BR2012002589 | ||
| 100 | 1 | _aFaria, F.H. de S. | |
| 110 | 1 |
_aUniversidade Federal de Lavras, MG (Brasil) _0Tese (Doutorado) |
|
| 245 | 1 | _aSorção e mobilidade da trifluralina em dois solos do norte de Minas Gerais | |
| 260 | 3 |
_aLavras, MG (Brasil): _c2011. |
|
| 300 | _a174 p. | ||
| 500 | _aSummaries (Eng, Por); Several bibliography; 8 tables; 29 illus. | ||
| 650 | _aSOLO | ||
| 650 | _aSORÇÃO | ||
| 650 | _aTRIFLURALINA | ||
| 650 | _aRESÍDUO QUÍMICO | ||
| 650 | _aPESTICIDA | ||
| 650 | _aLIXIVIAÇÃO | ||
| 650 | _aMEIO AMBIENTE | ||
| 650 | _aCONTAMINAÇÃO | ||
| 650 | _aPROPRIEDADE FÍSICO-QUÍMICA | ||
| 650 | _aMINAS GERAIS | ||
| 909 |
_a202309 _bLucia _c55 _dLucia Elande |
||
| 942 | _cBK | ||
| 999 |
_c77421 _d77421 |
||